Využitie stereoselektívnych α-alkylácií opticky čistých laktónov pri syntéze prírodných spiroketálov
Saved in:
| Main Author: | |
|---|---|
| Other Authors: | |
| Format: | Manuscript Book |
| Language: | Slovak |
| Published: |
2023
|
| Subjects: | |
| Online Access: | http://is.stuba.sk/zp/portal_zp.pl?podrobnosti=162430 |
| Tags: |
No Tags, Be the first to tag this record!
|
MARC
| LEADER | 00000ntm a22000003a 4500 | ||
|---|---|---|---|
| 001 | stuzp94370 | ||
| 003 | SK-STU | ||
| 005 | 20230909221913.6 | ||
| 007 | ta | ||
| 008 | 150427s2015----xo-----f-mn---000-0-slo-d | ||
| 040 | |a STU |b slo | ||
| 041 | 0 | |a slo | |
| 100 | 1 | |a Juríková, Ivana |u 048140 |4 aut |U FCHPT Ústav organickej chémie, katalýzy a petrochémie |T FCHPT Oddelenie organickej chémie |X 110589 |U C8140 |Y 124 |7 110589 | |
| 242 | 0 | 1 | |a Utilization of stereoselective α-alkylations of optically pure lactones in the synthesis of natural spiroketals |y eng |
| 245 | 1 | 0 | |a Využitie stereoselektívnych α-alkylácií opticky čistých laktónov pri syntéze prírodných spiroketálov |
| 260 | |c 2023 | ||
| 650 | 4 | |a cefalosporolid I |2 slo | |
| 650 | 4 | |a α-alkylácia |2 slo | |
| 650 | 4 | |a SAFL |2 slo | |
| 650 | 4 | |a spiroketály |2 slo | |
| 650 | 4 | |a penisporolid A |2 slo | |
| 650 | 4 | |a γ-butyrolaktón |2 slo | |
| 650 | 4 | |a [5,5]-spiroketál |2 slo | |
| 650 | 4 | |a PdII-katalyzovaná karbonylácia |2 slo | |
| 650 | 4 | |a spiroketals |2 eng | |
| 650 | 4 | |a penisporolide A |2 eng | |
| 650 | 4 | |a cephalosporolide I |2 eng | |
| 650 | 4 | |a γ-butyrolactone |2 eng | |
| 650 | 4 | |a [5,5]-spiroketal |2 eng | |
| 650 | 4 | |a SAFL |2 eng | |
| 650 | 4 | |a PdII-catalyzed carbonylation |2 eng | |
| 650 | 4 | |a α-alkylation |2 eng | |
| 700 | 1 | |a Markovič, Martin |u 048140 |k Z1 |4 ths |U FCHPT Ústav organickej chémie, katalýzy a petrochémie |T FCHPT Oddelenie organickej chémie |X 26060 |U C8140 |Y 124 |7 A000026060 | |
| 856 | 4 | |u http://is.stuba.sk/zp/portal_zp.pl?podrobnosti=162430 | |